Sydney Suburbs by Emoji #2 - Statistics

General Stats
  • This quiz has been taken 58 times
    55 since last reset
  • The average score is 5 of 18
Answer Stats
Emojis Answer % Correct
Z πŸ” πŸ›¬ Zetland
62%
πŸͺ¨ S The Rocks
57%
⚽️ πŸ‘¨πŸ» Balmain
51%
Β₯ 🚫 πŸ€ Yennora
51%
D πŸ§™πŸ»β€β™€οΈ πŸ—» Dulwich Hill
32%
🍷 🧢 D Vineyard
32%
🐝 🍦 S 🌾 Beaconsfield
30%
πŸ• 🌊 Campsie
27%
πŸ‡ 🍚 πŸ• Harris Park
22%
πŸ“Š 🎲 A Bardia
19%
4️⃣ 😴 πŸͺ΅ E Forest Lodge
19%
πŸ‹πŸ» πŸ‘‚πŸ» Gymea
19%
πŸŠπŸ• Oran Park
19%
πŸ¦… ❀️‍πŸ”₯ Ingleburn
8%
🍺 πŸ€• πŸ€ Berowra
5%
πŸ‘©β€βš•οΈ 🦷 ☝🏻 Denistone
5%
😒 NπŸ‘‡πŸ» Taren Point
5%
πŸ™ŽπŸ»β€β™€οΈ ✈️ E Matraville
3%
No matching quizzes found
Score Distribution
Percent of People with Each Score
Percentile by Number Answered
Your Score History
You have not taken this quiz since the last reset